| 000 | 01113nam a22003017a 4500 | ||
|---|---|---|---|
| 003 | CHAP | ||
| 005 | 20220329143737.0 | ||
| 008 | 110524s1974 mx r 00010 spa d | ||
| 010 | _a101292 | ||
| 011 | _a102264 | ||
| 035 | _a112952 | ||
| 040 | _cCHAP | ||
| 082 | 0 | 4 |
_a631.3 _bT63 |
| 100 | 0 | 0 |
_aTorres Noyola, Francisco. _9114189 |
| 245 | 1 | 0 |
_aMecanismo y algunos criterios de análisis para la elaboración de proyectos de financiamiento de centrales de maquinaria agrícola _c/por Francisco Torres Noyola |
| 260 |
_a[Mexico, D.F.] : _bFIRA, _c1974 |
||
| 300 |
_a168 p. : _bcuadros, gráfs. |
||
| 590 |
_aBATCH-UPD _b10 _c20130110 _lUCH01 _h1259 |
||
| 590 |
_aBATCH-UPD _b10 _c20130410 _lUCH01 _h0818 |
||
| 590 |
_aBATCH-UPD _b10 _c20130914 _lUCH01 _h1759 |
||
| 590 |
_aCONVERSION _b10 _c20130109 _lUCH01 _h1356 |
||
| 650 | 1 | 4 |
_aMaquinaria agrícola. _971151 |
| 650 | 1 | 4 |
_aProyectos _xFinanciamiento. _992526 |
| 901 | _aBK | ||
| 942 | _cLIBRO | ||
| 949 |
_a631.3 T63 _bBC _cLIBRO _d33724002247215 _eLIBRO _fc.2 _gDonaciØn _h115022 _i112952 _sb |
||
| 949 |
_a631.3 T63 _bBC _cLIBRO _d33724002250421 _eLIBRO _h115005 _i112952 _sb |
||
| 999 |
_c101292 _d101292 |
||